| 000 | 00453nam a22001817a 4500 | ||
|---|---|---|---|
| 003 | MPLRDC | ||
| 005 | 20220104151538.0 | ||
| 008 | 210129b ||||| |||| 00| 0 eng d | ||
| 082 | _a293.1 WQM | ||
| 100 | _a文其名编著 | ||
| 245 |
_a紫微新探 _c |
||
| 250 | _a再版 | ||
| 260 |
_a _b香港周刊出版社有限公司 _c1988 |
||
| 300 | _b平 | ||
| 490 | _a玄界探索丛书. 3 | ||
| 650 | _a命书--紫微斗数 | ||
| 942 |
_cBK _o293.1 WQM |
||
| 999 |
_c52428 _d52418 |
||